000 00352 a2200109 4500
001 ART_39755
005 20260410162012.0
008 260409a
245 1 0 _aLa demanda de dinero en Argentina 1935-1998
100 1 _aVal, Horacio R.
773 0 _tRevista de la Escuela de Economía y Negocios
_g- Año 1, Nº 1 (mar. 1999)
_wREV39725
999 _c32332
_d32332